| 000 | 02102nam a2200289Ia 4500 | ||
|---|---|---|---|
| 999 |
_c56501 _d56501 |
||
| 001 | 23614 | ||
| 003 | GE_BSU | ||
| 005 | 20230508171941.0 | ||
| 008 | 181216s1993ge xx |||||||||||||| ||geo|| | ||
| 020 | _a5511004847 | ||
| 040 | _cGE_BSU | ||
| 041 | _ageo | ||
| 080 | _a94(479.222.1-25) უ-62 | ||
| 100 |
_aურუშაძე, აკაკი _918039 |
||
| 245 |
_aქუთაისი ბერძნულ და რომაულ წყაროებში. _b1 გამოკვლევა. 2. ბერძნულ-ლათინური ტექსტების ქართული თარგმანები შენიშვნებით / _cაკაკი ურუშაძე, რედ : ლ. სანიკიძე, მხატვ. ო. გორალევიჩი |
||
| 264 |
_aთბილისი : _bთბილ. უნ-ტის გამ-ბა, _c1993. |
||
| 300 |
_a128 გვ. ; _b20 სმ. |
||
| 500 | _a ნაშრომი ეძღვნება საქართველოს ძველთაძველი ქალაქის - ქუთაისის წარსულის ამსახველ წყაროთა შესწავლას | ||
| 501 | _aსაძიებ. გვ. 114-125 | ||
| 546 | _aპარალ. თავფ. რუს. და ლათ. ენ. | ||
| 653 | _aისტორია | ||
| 653 | _aქუთაისი ბერძნულ და რომაულ წყაროებში. 1 გამოკვლევა. 2. ბერძნულ-ლათინური ტექსტების ქართული თარგმანები შენიშვნებით | ||
| 653 | _aქუთაისის ისტორიის უცხოური წყაროები; ბერძნულ-ლათინური ტექსტები | ||
| 700 |
_a სანიკიძე, ლევან _eრედაქტორი _918040 |
||
| 700 |
_aგორალევიჩი, ო. _eმხატვარი _94629 |
||
| 942 |
_cBK _2udc |
||